000 00862nam a2200217 a 4500
008 111006s1989 ||||||||||||||||| || u
020 _a0683021532
050 _aRT 48 Cli
100 _aCox, Hellen C
245 1 0 _aClinical applications of nursing diagnosis: adult health, child health, women's health, mental health, home health
_cby Helen C. Cox; [and others]
260 _aBaltimore:
_bWilliams and Wilkins
_c1989
300 _axviii, 637p.: ill.
350 _a0.00
650 _aDIAGNOSIS
650 3 _aNURSING PROCESS
650 _aNURSING--HANDBOOKS, MANUALS, ETC
650 0 _aNURSING ASSESSMENT
700 _aHinz, Mittie D
700 _aLubno, Mary Ann
995 _aMEDICAL LIBRARY OPEN ACCESS
_D0.00
_e901147
_FCBU-SCHOOL OF MEDICINE LIBRARY (Ndola)
_H1
_I0.00
_jRT 48 CLI
_M1
_UAVAILABLE
_WOct 6, 2011
_y901147
_ZMedical Library Open Access Collection
999 _c30989
_d30989